00551nam a2200181Ia 4500008004100000040001900041041001200060082002300072100002100095245006600116260003200182300002300214504005000237650001300287651002800300700002300328850001800351131103s9999 xx 000 0 und d aLoreto College aEnglish a327/MUKbLCBKB/225 aMukherjee, Sakti aInternational relations cSakti Mukherjee & Indrani Mukherjee aCalcuttabWorld Pressc1986 ax,250 p. c 22 cm. aIncludes bibliographical references and index aPolitics aInternational relations aMukherjee, Indrani aLCBKB/327/MUK